|
|
|
|
| LEADER |
02008nam a2200337 a 4500 |
| 001 |
5913 |
| 003 |
BD-DhAAL |
| 008 |
091210s1996 bg a b 001 0 eng d |
| 010 |
|
|
|a 97900698
|
| 020 |
|
|
|a 9840513451
|
| 040 |
|
|
|a DLC
|c DLC
|d BD-DhAAL
|
| 082 |
0 |
0 |
|a 305.42095492
|2 21
|
| 100 |
1 |
|
|a Hamid, Shamim.
|9 36118
|
| 245 |
1 |
0 |
|a Why women count :
|b essays on women in development in Bangladesh /
|c Shamim Hamid.
|
| 260 |
|
|
|a Dhaka :
|b University Press Ltd.,
|c 1996.
|
| 300 |
|
|
|a viii, 183 pages :
|b illustrations ;
|c 22 cm.
|
| 504 |
|
|
|a Includes bibliographical references and index.
|
| 526 |
|
|
|a BIED
|
| 541 |
1 |
|
|a Complimentary copy from BIED
|e 5913, 35439, 41787
|
| 650 |
|
0 |
|a Women
|z Bangladesh
|x Economic conditions.
|9 36119
|
| 650 |
|
0 |
|a Women
|z Bangladesh
|x Economic conditions.
|9 36119
|
| 650 |
|
0 |
|a Women's rights
|z Bangladesh.
|9 36120
|
| 650 |
|
0 |
|a Social science
|9 36121
|
| 852 |
4 |
|
|a Ayesha Abed Library
|c General Stacks
|
| 942 |
|
|
|2 ddc
|c BK
|
| 999 |
|
|
|c 6082
|d 6082
|
| 952 |
|
|
|0 0
|1 0
|2 ddc
|4 0
|6 305_420954920000000_HAM_1992
|7 0
|9 6071
|a BRACUL
|b BRACUL
|c GEN
|d 2009-12-14
|g 290.00
|l 0
|o 305.42095492 HAM
|p 3010005913
|r 2009-12-14
|t 1
|v 580.00
|w 2009-12-14
|y BK
|
| 952 |
|
|
|0 0
|1 0
|2 ddc
|4 0
|6 305_420000000000000_095492_HAM
|7 0
|9 42973
|a SCL
|b SCL
|c GEN
|d 1998-11-12
|g 290.00
|l 0
|o 305.42095492 HAM
|p 3020000539
|r 2014-07-07
|t 2
|w 2014-07-07
|y BK
|
| 952 |
|
|
|0 0
|1 0
|2 ddc
|4 0
|6 305_420000000000000_095492_HAM
|7 0
|9 43027
|a SCL
|b SCL
|c GEN
|d 1999-01-03
|g 290.00
|l 1
|m 1
|o 305.42095492 HAM
|p 3020001250
|r 2018-11-18
|s 2018-03-21
|t 3
|w 2014-07-08
|y BK
|
| 952 |
|
|
|0 0
|1 0
|2 ddc
|4 0
|6 305_420954920000000_HAM
|7 0
|9 66821
|a BRACUL
|b BRACUL
|c GEN
|d 2019-10-17
|e Complimentary copy from BIED
|l 3
|m 1
|o 305.42095492 HAM
|p 3010035439
|r 2025-05-21
|s 2025-01-21
|t 4
|w 2019-10-17
|y BK
|x Transferred from BIED to General Stacks
|
| 952 |
|
|
|0 0
|1 0
|2 ddc
|4 0
|6 305_420954920000000_HAM
|7 0
|9 74480
|a BRACUL
|b BRACUL
|c GEN
|d 2023-10-01
|e Complimentary copy from BIED
|g 290.00
|l 3
|m 42
|o 305.42095492 HAM
|p 3010041787
|q 2026-05-04
|r 2025-12-03
|s 2025-12-03
|t 5
|w 2023-10-01
|y BK
|x Transferred from BIED to General Stacks
|